| 000 | 00686cab a2200241 4500 | ||
|---|---|---|---|
| 001 | WB2922-47 | ||
| 008 | 090401t1993 xxu||||| |||| 00| 0 eng d | ||
| 035 | _a(Sirsi) u48436 | ||
| 041 | _aeng | ||
| 100 | _aRichardson, Clive | ||
| 245 | _aProtecting buildings from bomb blasts | ||
| 260 | _c1993 | ||
| 350 | _a0 | ||
| 490 |
_aCSW - The Property Week _v43(11) 10 June 1993, 58(1) |
||
| 520 | _aDiscusses the practical and structural ways in which to alleviate the ravages of bombs. | ||
| 650 | _aBLAST DAMAGE | ||
| 650 | _aBOMB DAMAGE | ||
| 650 | _aEVACUATION | ||
| 650 | _aTERRORISM | ||
| 690 | _aOFFICE SERVICES AND ADMINISTRATION | ||
| 942 | _n0 | ||
| 948 | _c04/03/1997 | ||
| 999 |
_c30427 _d30427 |
||